Slovenské banky a SWIFT.
SWIFT poskytuje bankové služby v oblasti zahraničného platobného styku, bol založený v r. 1973 s cieľom vybudovať a prevádzkovať medzinárodnú počítačovú sieť na prenos správ zahraničného platobného styku a výmenu ďalších finančných informácií. Táto sieť zabezpečuje rýchlu a bezpečnú výmenu uvedených...
Salvato in:
| Autore principale: | |
|---|---|
| Natura: | Capitolo di libro |
| Lingua: | slovacco |
| Soggetti: | |
| Tags: |
Nessun Tag, puoi essere il primo ad aggiungerne!!
|
MARC
| LEADER | 00000naa a2200000 4500 | ||
|---|---|---|---|
| 001 | r013626 | ||
| 005 | 20221213122737.8 | ||
| 041 | 0 | |a slo | |
| 044 | |a SK | ||
| 245 | 1 | 0 | |a Slovenské banky a SWIFT. |c M. Daniš |
| 520 | |a SWIFT poskytuje bankové služby v oblasti zahraničného platobného styku, bol založený v r. 1973 s cieľom vybudovať a prevádzkovať medzinárodnú počítačovú sieť na prenos správ zahraničného platobného styku a výmenu ďalších finančných informácií. Táto sieť zabezpečuje rýchlu a bezpečnú výmenu uvedených informácií pri dodržaní medzinárodne platných štandardov s relatívne nízkymi telekomunikačnými nákladmi. Napojenie slovenských bánk na túto sieť. | ||
| 610 | 2 | 0 | |a SWIFT |
| 610 | 2 | 0 | |a banky |
| 610 | 2 | 0 | |a Slovensko |
| 610 | 2 | 0 | |a siete počítačové |
| 610 | 2 | 0 | |a styk platobný medzinárodný |
| 610 | 2 | 0 | |a systémy počítačové telekomunikačné |
| 610 | 2 | 0 | |a prenos dát |
| 100 | 1 | |a Daniš, M. | |